Little League World Series Champions - Statistics

General Stats
  • This quiz has been taken 221 times
    43 since last reset
  • The average score is 66 of 77
Answer Stats
Year State/Country Town % Correct
2022 Hawaii Honolulu
100%
2018 Hawaii Honolulu
100%
2008 Hawaii Waipahu
100%
2005 Hawaii Ewa Beach
100%
2023 California El Segundo
97%
2011 California Huntington Beach
97%
2009 California Chula Vista
97%
1993 California Long Beach
97%
1992 California Long Beach
97%
1963 California Granada Hills
97%
1962 California San Jose
97%
1961 California El Cajon
97%
2017 Japan Kitasuna
94%
2015 Japan Kitasuna
94%
2013 Japan Musashi
94%
2012 Japan Kitasuna
94%
2010 Japan Minami
94%
2003 Japan Musashi
94%
2001 Japan Kitasuna
94%
1999 Japan Osaka
94%
1976 Japan Chofu
94%
1968 Japan Wakayama
94%
1967 Japan West Tokyo
94%
2016 New York Maine-Endwell
94%
1964 New York Staten Island
94%
1954 New York Schenectady
94%
2014 South Korea Seoul
94%
1985 South Korea Seoul
94%
1984 South Korea Seoul
94%
1966 Texas Houston
91%
1950 Texas Houston
91%
1997 Mexico Nuevo Leon
88%
1958 Mexico Monterrey
88%
1957 Mexico Monterrey
88%
1960 Pennsylvania Levittown
88%
1955 Pennsylvania Morrisville
88%
1948 Pennsylvania Lock Haven
88%
1947 Pennsylvania Williamsport
88%
2007 Georgia Warner Robins
84%
2006 Georgia Columbus
84%
1983 Georgia Marietta
84%
1998 New Jersey Toms River
84%
1975 New Jersey Lakewood
84%
1970 New Jersey Wayne
84%
1949 New Jersey Hammonton
84%
1996 Taiwan Kaohsiung
84%
1995 Taiwan Tainan
84%
1991 Taiwan Taichung
84%
1990 Taiwan Tainan
84%
1988 Taiwan Taichung
84%
1987 Taiwan Hua-Lien
84%
1986 Taiwan Tainan
84%
1981 Taiwan Taichung
84%
1980 Taiwan Hua-Lien
84%
1979 Taiwan Chiayi County
84%
1978 Taiwan Pingtung
84%
1977 Taiwan Kaohsiung
84%
1974 Taiwan Kaohsiung
84%
1973 Taiwan Tainan
84%
1972 Taiwan Taipei
84%
1971 Taiwan Tainan
84%
1969 Taiwan Taichung
84%
2024 Florida Lake Mary
81%
2021 Michigan Taylor
75%
1959 Michigan Hamtramck
75%
1982 Washington Kirkland
72%
1953 Alabama Birmingham
69%
1989 Connecticut Trumbull
69%
1965 Connecticut Windsor Locks
69%
1952 Connecticut Norwalk
69%
1951 Connecticut Stamford
69%
2002 Kentucky Pleasure Ridge Park
63%
2019 Louisiana River Ridge
59%
2004 Curacao Willemstad
53%
2000 Venezuela Maracaibo
53%
1994 Venezuela Maracaibo
53%
1956 New Mexico Roswell
50%
No matching quizzes found
Score Distribution
Percent of People with Each Score
Percentile by Number Answered
Your Score History
You have not taken this quiz since the last reset